| 000 | 00619nam a2200229Ia 4500 | ||
|---|---|---|---|
| 003 | OSt | ||
| 005 | 20221005115024.0 | ||
| 006 | a|||||r|||| 00| 0 | ||
| 007 | ta | ||
| 008 | 221004b |||||||| |||| 00| 0 eng d | ||
| 024 | _a36439 | ||
| 037 | _cTextual | ||
| 040 |
_aCRL _cCRL _beng |
||
| 041 |
_2eng _aeng |
||
| 082 | _aO:1(R3):9aN5, K4 | ||
| 100 |
_aBerry Lloyd E Au. _9627003 |
||
| 245 | 0 | _aBibliography of studies in metaphysical poetry 1939-1960. | |
| 260 | _c1964 | ||
| 650 | _aENGLISH LITERATURE | ||
| 942 |
_hO:1(R3):9aN5, K4 _cTEXL _2cc |
||
| 999 |
_c1033206 _d1033206 |
||